The Russo-Japanese war ... (Record no. 553084)
[ view plain ]
| 000 -LEADER | |
|---|---|
| fixed length control field | 00900cam a2200181K 4500 |
| 082 ## - DEWEY DECIMAL CLASSIFICATION NUMBER | |
| Classification number | 952.031 |
| Author Mark | RUS |
| 110 1# - MAIN ENTRY--CORPORATE NAME | |
| Corporate name or jurisdiction name as entry element | Prussia (Kingdom). |
| 9 (RLIN) | 49435 |
| 245 14 - TITLE STATEMENT | |
| Title | The Russo-Japanese war ... |
| Statement of responsibility, etc. | Prepared in the Historical section of the German General Staff. Authorised translation by Karl von Donat ... |
| 260 ## - PUBLICATION, DISTRIBUTION, ETC. | |
| Place of publication, distribution, etc. | London, |
| Name of publisher, distributor, etc. | H. Rees, |
| Date of publication, distribution, etc. | 1908-14. |
| 300 ## - PHYSICAL DESCRIPTION | |
| Extent | 1 online resource (7 v. in 8.) |
| Other physical details | plates (partly fold.) maps (partly fold. in pocket) fold. diagrms. |
| 505 1# - FORMATTED CONTENTS NOTE | |
| Formatted contents note | [III] The battle of Liao-Yan.--[IV] The battle on the Scha-Ho. 2 v. --[VI] Between San-De-Pu and Mukden.--[VII] The battle of Mukden. pt. 1 From February 25 to March 3, 1905. |
| 526 ## - STUDY PROGRAM INFORMATION NOTE | |
| Program name | 0 |
| Interest level | 0 |
| Reading level | 0 |
| Title point value | 952_031000000000000_RUS |
| 650 #0 - SUBJECT ADDED ENTRY--TOPICAL TERM | |
| Topical term or geographic name entry element | MCE |
| 9 (RLIN) | 379 |
| 650 #0 - SUBJECT ADDED ENTRY--TOPICAL TERM | |
| Topical term or geographic name entry element | Russo-Japanese War, 1904-1905. |
| 9 (RLIN) | 49509 |
| 700 1# - ADDED ENTRY--PERSONAL NAME | |
| Personal name | Donat, Karl von, |
| 9 (RLIN) | 49471 |
| 856 40 - ELECTRONIC LOCATION AND ACCESS | |
| Uniform Resource Identifier | <a href="http://catalog.hathitrust.org/api/volumes/oclc/45422035.html">http://catalog.hathitrust.org/api/volumes/oclc/45422035.html</a> |
| 942 ## - ADDED ENTRY ELEMENTS (KOHA) | |
| Source of classification or shelving scheme | |
| Koha item type | Book |
| Withdrawn status | Lost status | Source of classification or shelving scheme | Damaged status | Not for loan | Permanent Location | Current Location | Shelving location | Date acquired | Total Checkouts | Full call number | Barcode | Date last seen | Price effective from | Koha item type |
|---|---|---|---|---|---|---|---|---|---|---|---|---|---|---|
| Military College of Engineering (MCE) | Military College of Engineering (MCE) | 01/29/2015 | 952.031 RUS | MCE-ECR /49 | 01/29/2015 | 01/29/2015 | Book |
